|
|
|
|
| LEADER |
00000nab a2200000 a 4500 |
| 001 |
vtls001020408 |
| 003 |
SK-MaSNL |
| 005 |
20260303035235.0 |
| 008 |
040720e20020000xo 0 slo |
| 035 |
|
|
|a SN6315
|
| 040 |
|
|
|a SNSK
|b slo
|c SNSK
|e AACR2
|
| 041 |
0 |
|
|a slo
|
| 044 |
|
|
|a xo
|c SK
|
| 080 |
|
|
|a 551.442
|2 1981
|
| 100 |
1 |
|
|a Tulis, Ján,
|d 1935-
|4 aut
|9 238834
|
| 245 |
1 |
0 |
|a Podzemné krásy a zaujímavosti
|
| 300 |
|
|
|b 2 foto
|
| 610 |
2 |
7 |
|a Speleologický klub Slovenský raj
|2 SNSK
|9 176315
|
| 650 |
0 |
7 |
|a objavy
|2 SNSK
|9 308275
|
| 651 |
|
7 |
|a Spišská Nová Ves (Slovensko)
|2 SNSK
|9 28800
|
| 651 |
|
7 |
|a Národný park Slovenský raj (Slovensko)
|2 SNSK
|9 14391
|
| 651 |
|
7 |
|a Stratenská jaskyňa (Slovensko)
|2 SNSK
|9 18232
|
| 651 |
|
7 |
|a SN,
|2 SNSK
|9 1021277
|
| 655 |
|
7 |
|a periodikum
|2 snkbucl
|9 29553
|
| 710 |
2 |
|
|a Speleologický klub Slovenský raj
|4 aut
|9 176315
|
| 773 |
0 |
8 |
|t Park, č.6 (2002), s. 30-31
|
| 852 |
|
|
|a ZVYKNI
|b KIS3GCP
|
| 999 |
|
|
|c 1676613
|d 1678543
|